000 00386nam a22001337a 4500
005 20260320145226.0
008 260320b |||||||| |||| 00| 0 eng d
040 _cFLL
041 _2eng
_aeng
100 _aYadav, Hitesh
_91132709
245 _aRole of Election Commission of Indian in Preventing Criminalization of Politics
260 _aDU
_bFaculty of Law
_c2023
942 _2CC
_cDIS
999 _c1715857
_d1715857